[Event "Budapest Vezerkepzo GM Christmas"]
[Site "Budapest"]
[Date "2024.01.03"]
[Round "9"]
[White "Tancsa, Tamas"]
[Black "Dudognon, Thibault"]
[Result "0-1"]
[WhiteElo "2337"]
[BlackElo "2392"]
[PlyCount "81"]
[EventDate "2023.12.26"]
[EventType "tourn"]
[EventRounds "9"]
[EventCountry "HUN"]
[EventCategory "6"]
[SourceTitle "CB02_2024"]
[SourceDate "2024.01.10"]
[SourceVersion "1"]
[SourceVersionDate "2024.01.10"]
[SourceQuality "1"]

1. e4 c5 2. Nf3 d6 3. d4 cxd4 4. Nxd4 Nf6 5. Nc3 a6 6. Be3 Ng4 7. Bc1 Nf6 8. Be3 e6 9. f3 b5 10. Qd2 Nbd7 11. g4 b4 12. Na4 h6 13. 0-0-0 Ne5 14. b3 Bd7 15. Nb2 d5 16. h3 Nxf3 17. Nxf3 Nxe4 18. Qe1 Qc7 19. Bd3 Nc3 20. Bd4 Bc5 21. Qe3 Bxd4 22. Qxd4 Rc8 23. Kd2 Bb5 24. Rdg1 Ne4+ 25. Ke3 0-0 26. Bxb5 axb5 27. Rg2 g5 28. Nd3 f6 29. h4 Nc3 30. Nfe1 e5 31. Qxb4 e4 32. hxg5 Qb6+ 33. Kf4 fxg5+ 34. Kg3 exd3 35. cxd3 Qe3+ 36. Kh2 Qe5+ 37. Kh3 Ne2 38. Rxe2 Qxe2 39. Rg1 Rf3+ 40. Nxf3 Qxf3+ 41. Rg3 0-1

[Event "Budapest Vezerkepzo GM Christmas"]
[Site "Budapest"]
[Date "2023.12.27"]
[Round "2"]
[White "Dudognon, Thibault"]
[Black "Vaz, Ethan"]
[Result "0-1"]
[WhiteElo "2392"]
[BlackElo "2400"]
[PlyCount "88"]
[EventDate "2023.12.26"]
[EventType "tourn"]
[EventRounds "9"]
[EventCountry "HUN"]
[EventCategory "6"]
[SourceTitle "CB02_2024"]
[SourceDate "2024.01.10"]
[SourceVersion "1"]
[SourceVersionDate "2024.01.10"]
[SourceQuality "1"]

1. e4 d6 2. d4 Nf6 3. Nc3 g6 4. Bg5 Bg7 5. f3 Nbd7 6. Qd2 c6 7. Bh6 Bxh6 8. Qxh6 b5 9. Bd3 b4 10. Nce2 c5 11. c3 Rb8 12. Nh3 bxc3 13. bxc3 cxd4 14. cxd4 Qa5+ 15. Qd2 Qa3 16. Qc3 Qxc3+ 17. Nxc3 Rb4 18. Ne2 e5 19. Kd2 d5 20. Rhc1 0-0 21. Kc3 Rb6 22. Nf2 exd4+ 23. Nxd4 dxe4 24. Nxe4 Nxe4+ 25. Bxe4 Nf6 26. Bc6 Be6 27. Kd3 Rd8 28. Ke3 Bd5 29. Bb5 Rbd6 30. Ne2 a6 31. Ba4 Be6 32. Nf4 g5 33. Ne2 Nd5+ 34. Kf2 Nb4 35. Rc7 Rd2 36. Bb3 Bxb3 37. axb3 Re8 38. Kg3 Rexe2 39. Rg1 Nd5 40. Rc5 h6 41. Kg4 Rxg2+ 42. Rxg2 Rxg2+ 43. Kf5 Ne7+ 44. Kf6 Re2 0-1

[Event "Budapest Vezerkepzo GM Christmas"]
[Site "Budapest"]
[Date "2023.12.26"]
[Round "1"]
[White "Dudognon, Thibault"]
[Black "Ilinca Ilinca, Felix Antonio"]
[Result "1/2-1/2"]
[WhiteElo "2392"]
[BlackElo "2423"]
[PlyCount "81"]
[EventDate "2023.12.26"]
[EventType "tourn"]
[EventRounds "9"]
[EventCountry "HUN"]
[EventCategory "6"]
[SourceTitle "CB02_2024"]
[SourceDate "2024.01.10"]
[SourceVersion "1"]
[SourceVersionDate "2024.01.10"]
[SourceQuality "1"]

1. e4 c5 2. Nf3 d6 3. d4 cxd4 4. Nxd4 Nf6 5. Nc3 Nc6 6. Nd5 e6 7. Nxf6+ Qxf6 8. Nb5 Qd8 9. c4 Be7 10. Be2 0-0 11. 0-0 a6 12. Nc3 Qc7 13. Be3 Bd7 14. Rc1 f5 15. exf5 Rxf5 16. Bg4 Rf7 17. Na4 Ne5 18. Nb6 Re8 19. Bh3 Bf6 20. f4 Nc6 21. Qd2 Ne7 22. g4 Ng6 23. Nxd7 Qxd7 24. Rcd1 Bd8 25. Bg2 Kh8 26. b3 Qc8 27. Be4 Bc7 28. Bxg6 hxg6 29. Qd3 Rf6 30. Bd4 e5 31. Qh3+ Kg8 32. fxe5 dxe5 33. Rxf6 gxf6 34. Be3 Qe6 35. Qg2 e4 36. c5 Rd8 37. Rxd8+ Bxd8 38. h3 Bc7 39. Qf2 Kg7 40. Qd2 g5 41. Qd4 1/2-1/2

[Event "Cannes op 36th"]
[Site "Cannes"]
[Date "2023.02.21"]
[Round "2"]
[White "Dudognon, Thibault"]
[Black "Maurizzi, Marc Andria"]
[Result "0-1"]
[WhiteElo "2311"]
[BlackElo "2523"]
[PlyCount "66"]
[EventDate "2023.02.20"]
[EventType "swiss"]
[EventRounds "9"]
[EventCountry "FRA"]
[SourceTitle "CBM 212 Extra"]
[Source "ChessBase"]
[SourceDate "2023.03.31"]
[SourceVersion "1"]
[SourceVersionDate "2023.03.31"]
[SourceQuality "1"]

1. e4 c5 2. Nf3 Nc6 3. d4 cxd4 4. Nxd4 Nf6 5. Nc3 e5 6. Ndb5 d6 7. Bg5 a6 8. Na3 Be6 9. Nc4 Rb8 10. Ne3 Be7 11. Bxf6 Bxf6 12. Ncd5 Bg5 13. c3 0-0 14. Bd3 Ne7 15. Bc2 g6 16. 0-0 Nxd5 17. Nxd5 Kh8 18. Bb3 f5 19. exf5 gxf5 20. Qe2 f4 21. f3 Bh4 22. Rfd1 Qg5 23. Nc7 Bxb3 24. axb3 Rf6 25. Nd5 Rh6 26. c4 Rg8 27. Rd2 Qh5 28. Kf1 Bd8 29. h3 Rhg6 30. Qe4 Rg3 31. Rad1 Qg5 32. Qc2 Rxf3+ 33. Rf2 Qxg2+ 0-1

[Event "Budapest FS10 IM"]
[Site "Budapest"]
[Date "2022.10.07"]
[Round "6"]
[White "Dudognon, Thibault"]
[Black "Saypuri, Srithan"]
[Result "1-0"]
[WhiteElo "2338"]
[BlackElo "2172"]
[PlyCount "81"]
[EventDate "2022.10.01"]
[EventType "tourn"]
[EventRounds "9"]
[EventCountry "HUN"]
[SourceTitle "CBM 210 Extra"]
[Source "ChessBase"]
[SourceDate "2022.11.30"]
[SourceVersion "1"]
[SourceVersionDate "2022.11.30"]
[SourceQuality "1"]

1. e4 e5 2. Nf3 Nf6 3. Nc3 Bb4 4. Nxe5 d6 5. Nd3 Bxc3 6. dxc3 Nxe4 7. Nf4 0-0 8. Be2 Nc6 9. 0-0 Ne5 10. c4 f5 11. f3 Nf6 12. b3 Re8 13. Bb2 b6 14. a4 a5 15. Nd5 Bb7 16. Qd2 Nxd5 17. cxd5 Qf6 18. c4 f4 19. Bd3 Re7 20. Rae1 Rae8 21. Be4 Bc8 22. Qc2 Qh4 23. Bd4 g6 24. Re2 Rf8 25. Rfe1 Bf5 26. Qc3 Bxe4 27. Rxe4 Rf5 28. Bxe5 Rfxe5 29. Rxe5 dxe5 30. Rxe5 Qf6 31. Re3 Qxc3 32. Rxc3 Rd7 33. Kf2 Kf7 34. Ke2 Kf6 35. Kd3 c6 36. Ke4 g5 37. dxc6 Rd6 38. c5 Rxc6 39. Kd5 Rxc5+ 40. Rxc5 bxc5 41. Kxc5 1-0

[Event "Budapest FS10 IM"]
[Site "Budapest"]
[Date "2022.10.03"]
[Round "3"]
[White "Dudognon, Thibault"]
[Black "Szeberenyi, Adam"]
[Result "1/2-1/2"]
[WhiteElo "2338"]
[BlackElo "2327"]
[PlyCount "62"]
[EventDate "2022.10.01"]
[EventType "tourn"]
[EventRounds "9"]
[EventCountry "HUN"]
[SourceTitle "CBM 210 Extra"]
[Source "ChessBase"]
[SourceDate "2022.11.30"]
[SourceVersion "1"]
[SourceVersionDate "2022.11.30"]
[SourceQuality "1"]

1. e4 g6 2. d4 Bg7 3. Nc3 d6 4. f4 Nf6 5. Nf3 0-0 6. Bd3 Nc6 7. e5 dxe5 8. fxe5 Nh5 9. Be3 Bg4 10. Be2 f6 11. exf6 exf6 12. d5 Qe8 13. Qd2 Ne7 14. Nd4 Bxe2 15. Qxe2 f5 16. 0-0-0 f4 17. Bf2 Nf5 18. Qe6+ Qxe6 19. Nxe6 Rf7 20. Nxg7 Kxg7 21. Rhe1 Nf6 22. Ne4 Ng4 23. Bg1 Nge3 24. Rd2 Rd7 25. Nc5 Rxd5 26. Bxe3 Nxe3 27. Ne6+ Kf7 28. Nxf4 Rxd2 29. Kxd2 Ng4 30. h3 Rd8+ 31. Nd3 Nf6 1/2-1/2

[Event "Allauch op 4th"]
[Site "Allauch"]
[Date "2022.08.27"]
[Round "8"]
[White "Philippe, Guillaume"]
[Black "Dudognon, Thibault"]
[Result "1-0"]
[WhiteElo "2392"]
[BlackElo "2346"]
[PlyCount "89"]
[EventDate "2022.08.22"]
[EventType "swiss"]
[EventRounds "9"]
[EventCountry "FRA"]
[SourceTitle "CBM 210 Extra"]
[Source "ChessBase"]
[SourceDate "2022.11.30"]
[SourceVersion "1"]
[SourceVersionDate "2022.11.30"]
[SourceQuality "1"]

1. b3 e5 2. Bb2 Nc6 3. c4 Nf6 4. e3 Be7 5. a3 a5 6. d3 d5 7. cxd5 Nxd5 8. Nf3 f6 9. Nbd2 0-0 10. Be2 b6 11. 0-0 Bb7 12. Qc2 Kh8 13. Rac1 Bc5 14. Qb1 Qe7 15. Qa1 Nd8 16. Rfe1 Bd6 17. Bf1 Ne6 18. g3 Qf7 19. d4 exd4 20. Nxd4 Nxd4 21. Bxd4 Ne7 22. e4 Nc6 23. Be3 Be5 24. Qb1 Bd4 25. Bc4 Qe7 26. Bd5 Bxe3 27. Rxe3 Nd8 28. Bxb7 Nxb7 29. Nf3 Rfd8 30. e5 Nc5 31. b4 axb4 32. axb4 Na6 33. Rc4 Qd7 34. Kg2 fxe5 35. Rh4 h6 36. Nxe5 Qd5+ 37. Kh3 Qe6+ 38. Rg4 Kg8 39. Ng6 Qf6 40. Rf4 Qd6 41. Qf5 Qd7 42. Ne7+ Kh8 43. Re6 Qd3 44. Rxh6+ gxh6 45. Qe5+ 1-0

[Event "Allauch op 4th"]
[Site "Allauch"]
[Date "2022.08.25"]
[Round "5"]
[White "Dudognon, Thibault"]
[Black "Chauvet, Vincent"]
[Result "1/2-1/2"]
[WhiteElo "2346"]
[BlackElo "2101"]
[PlyCount "185"]
[EventDate "2022.08.22"]
[EventType "swiss"]
[EventRounds "9"]
[EventCountry "FRA"]
[SourceTitle "CBM 210 Extra"]
[Source "ChessBase"]
[SourceDate "2022.11.30"]
[SourceVersion "1"]
[SourceVersionDate "2022.11.30"]
[SourceQuality "1"]

1. e4 d6 2. d4 g6 3. Nc3 Bg7 4. f4 c6 5. Nf3 Na6 6. Bc4 Nc7 7. Bb3 d5 8. e5 Bg4 9. h3 Bxf3 10. Qxf3 Qd7 11. 0-0 e6 12. Nd1 Ne7 13. c3 h5 14. g3 0-0-0 15. Bc2 Kb8 16. a4 Nf5 17. b4 Na8 18. Bd3 Bf8 19. Be3 Rc8 20. Nb2 Be7 21. Rfb1 Rcg8 22. h4 a6 23. Bf2 Nc7 24. Ra2 Kc8 25. Bf1 Kd8 26. Nd3 Qc8 27. Nc5 b6 28. Nb3 Ke8 29. Nd2 Kf8 30. c4 Kg7 31. c5 b5 32. axb5 axb5 33. Rba1 Qd7 34. Ra7 Ra8 35. Bh3 Rxa7 36. Rxa7 Qc8 37. Qa3 Bd8 38. Nb3 Ne7 39. Qa5 Qd7 40. Rb7 Nc8 41. Bf1 Rf8 42. Be3 Ne7 43. Bd3 Qc8 44. Qa7 Qa8 45. f5 Nxf5 46. Bxf5 exf5 47. Na5 Qc8 48. Nxc6 f4 49. Nxd8 Qg4 50. Bxf4 Qd1+ 51. Kf2 Qc2+ 52. Ke1 Qb1+ 53. Ke2 Qc2+ 54. Bd2 Qe4+ 55. Be3 Qc2+ 56. Kf3 Qd1+ 57. Kg2 Qe2+ 58. Bf2 Qe4+ 59. Kg1 Qb1+ 60. Kh2 Qc2 61. Kg2 Qe4+ 62. Kf1 Qd3+ 63. Ke1 Qb1+ 64. Kd2 Qb2+ 65. Ke3 Qb3+ 66. Kf4 Qd3 67. g4 Qe4+ 68. Kg3 Qxg4+ 69. Kh2 Qe2 70. Kg1 Qd1+ 71. Kg2 Qg4+ 72. Bg3 Qe2+ 73. Kg1 Qd1+ 74. Kf2 Qd2+ 75. Kf1 Qd3+ 76. Kf2 Qd2+ 77. Kg1 Qd1+ 78. Kg2 Qe2+ 79. Bf2 Qe4+ 80. Kg1 Qb1+ 81. Kh2 Qc2 82. Kg2 Qe4+ 83. Kf1 Qd3+ 84. Ke1 Qb1+ 85. Ke2 Qc2+ 86. Ke3 Qc3+ 87. Kf4 Qd2+ 88. Be3 Qd3 89. Kf3 Qf1+ 90. Kg3 Qd3 91. Kf2 Qc2+ 92. Ke1 Qb1+ 93. Kf2 1/2-1/2

[Event "La Pobla de Lillet op-A"]
[Site "La Pobla de Lillet"]
[Date "2022.08.07"]
[Round "6"]
[White "Durand Le Ludec, Brendan Bubok"]
[Black "Dudognon, Thibault"]
[Result "0-1"]
[WhiteElo "2217"]
[BlackElo "2346"]
[PlyCount "126"]
[EventDate "2022.08.02"]
[EventType "swiss"]
[EventRounds "9"]
[EventCountry "ESP"]
[SourceTitle "CBM 209 Extra"]
[Source "ChessBase"]
[SourceDate "2022.09.30"]
[SourceVersion "1"]
[SourceVersionDate "2022.09.30"]
[SourceQuality "1"]

1. e4 c5 2. Nf3 d6 3. d4 cxd4 4. Nxd4 Nf6 5. Nc3 a6 6. Be2 e5 7. Nf3 h6 8. Nd2 Be6 9. Nc4 Qc7 10. Ne3 Be7 11. 0-0 Nbd7 12. Ncd5 Bxd5 13. Nxd5 Nxd5 14. Qxd5 0-0 15. c3 Nf6 16. Qd3 Rfd8 17. Bf3 Rac8 18. Be3 Qc4 19. Qxc4 Rxc4 20. Rfd1 Rc6 21. a4 Nd7 22. a5 Bg5 23. Bxg5 hxg5 24. Ra4 Kf8 25. Rb4 Rb8 26. Be2 Ke7 27. Ra1 Nc5 28. Bc4 b5 29. Bd5 Rcc8 30. Rd1 g4 31. f3 gxf3 32. Rf1 Nd3 33. Rxf3 Nf4 34. Bb3 g6 35. h4 Rh8 36. g3 Ne6 37. Bd5 f6 38. Kg2 Rhc8 39. Rf1 Nc5 40. Rh1 Rh8 41. Kf3 Nd3 42. Rb3 Nc5 43. Rb4 f5 44. exf5 gxf5 45. g4 Nd3 46. g5 Nxb4 47. cxb4 Kf8 48. Be6 Rb7 49. h5 Rg7 50. Bc8 Rxg5 51. h6 Rg4 52. Bxa6 Rxb4 53. Bb7 Rb3+ 54. Ke2 Rxb2+ 55. Kd3 Ra2 56. a6 Ra3+ 57. Kc2 Kf7 58. Kb2 b4 59. Ra1 Rxa1 60. Kxa1 e4 61. Kb2 e3 62. Bf3 Kg6 63. a7 e2 0-1

[Event "Marseille Christmas"]
[Site "Marseille"]
[Date "2021.12.26"]
[Round "2"]
[White "Materia, Marco"]
[Black "Dudognon, Thibault"]
[Result "1/2-1/2"]
[WhiteElo "2364"]
[BlackElo "2301"]
[PlyCount "68"]
[EventDate "2021.12.26"]
[EventType "tourn"]
[EventRounds "9"]
[EventCountry "FRA"]
[EventCategory "6"]
[SourceTitle "CBM 206 Extra"]
[Source "ChessBase"]
[SourceDate "2022.03.31"]
[SourceVersion "1"]
[SourceVersionDate "2022.03.31"]
[SourceQuality "1"]

1. d4 d5 2. c4 c6 3. Nf3 Nf6 4. Nc3 e6 5. e3 Nbd7 6. Bd3 dxc4 7. Bxc4 b5 8. Bd3 Bb7 9. e4 b4 10. Na4 c5 11. e5 Nd5 12. 0-0 cxd4 13. Nxd4 Nxe5 14. Bb5+ Nd7 15. Re1 Rc8 16. b3 Be7 17. Rxe6 0-0 18. Nc6 Bxc6 19. Rxc6 Nc7 20. Bf1 Ne5 21. Qxd8 Rfxd8 22. Rc2 Nd5 23. Rxc8 Rxc8 24. Bb2 Bf6 25. Rc1 Rxc1 26. Bxc1 Nc6 27. Bb5 Nd4 28. Bc4 Nc3 29. Nxc3 bxc3 30. Kf1 Be7 31. Be3 Nf5 32. Ke2 Nxe3 33. Kxe3 a5 34. Kd3 Bb4 1/2-1/2

[Event "La Pobla de Lillet op-A 30th"]
[Site "La Pobla de Lillet"]
[Date "2021.08.04"]
[Round "3"]
[White "Dudognon, Thibault"]
[Black "Gelos, Guillaume"]
[Result "1-0"]
[WhiteElo "2242"]
[BlackElo "1945"]
[PlyCount "93"]
[EventDate "2021.08.02"]
[EventType "swiss"]
[EventRounds "9"]
[EventCountry "ESP"]
[SourceTitle "EXT 2022"]
[Source "ChessBase"]
[SourceDate "2021.10.06"]
[SourceVersion "1"]
[SourceVersionDate "2021.10.06"]
[SourceQuality "1"]

1. e4 c5 2. d4 cxd4 3. c3 dxc3 4. Nxc3 Nc6 5. Nf3 g6 6. Bc4 Bg7 7. e5 h5 8. Qb3 Nh6 9. Bxh6 Rxh6 10. Bxf7+ Kf8 11. Ng5 e6 12. f4 Qa5 13. Qc2 Nxe5 14. fxe5 Bxe5 15. Qd2 Bf6 16. Nge4 g5 17. Nxf6 Rxf6 18. Bxh5 Qe5+ 19. Be2 d5 20. 0-0-0 Bd7 21. Qd4 Qxd4 22. Rxd4 Ke7 23. Bf3 Bc6 24. Re1 Kd7 25. Re5 Rg6 26. Ne4 Rag8 27. Bh5 R6g7 28. Bg4 Rg6 29. b4 b6 30. Nd2 Kd6 31. Nf3 Rf8 32. Re3 Rf4 33. g3 Rxd4 34. Nxd4 Bd7 35. Bxe6 Bxe6 36. Rxe6+ Rxe6 37. Nxe6 Kxe6 38. h4 Kf5 39. Kd2 gxh4 40. gxh4 Kg4 41. Kd3 Kxh4 42. Kd4 Kg5 43. Kxd5 Kf6 44. Kc6 Ke5 45. Kb7 Kd6 46. Kxa7 Kc6 47. Ka6 1-0

[Event "La Pobla de Lillet op-A 30th"]
[Site "La Pobla de Lillet"]
[Date "2021.08.03"]
[Round "2"]
[White "Marzo Pie, Xavier"]
[Black "Dudognon, Thibault"]
[Result "1/2-1/2"]
[WhiteElo "2078"]
[BlackElo "2242"]
[PlyCount "71"]
[EventDate "2021.08.02"]
[EventType "swiss"]
[EventRounds "9"]
[EventCountry "ESP"]
[SourceTitle "EXT 2022"]
[Source "ChessBase"]
[SourceDate "2021.10.06"]
[SourceVersion "1"]
[SourceVersionDate "2021.10.06"]
[SourceQuality "1"]

1. d4 d5 2. c4 c6 3. Nf3 Nf6 4. Nc3 e6 5. cxd5 exd5 6. Bg5 Bd6 7. e3 Bf5 8. Qb3 Qb6 9. Bxf6 gxf6 10. Qxb6 axb6 11. Nh4 Be6 12. Bd3 b5 13. Kd2 Nd7 14. a4 b4 15. Ne2 b6 16. f4 Nb8 17. e4 dxe4 18. Bxe4 Kd7 19. g3 Bd5 20. Bxd5 cxd5 21. Nf5 Nc6 22. b3 Na5 23. Rab1 b5 24. axb5 Rhb8 25. Nc1 Rxb5 26. Nd3 Nc6 27. Ra1 Rba5 28. Rxa5 Rxa5 29. Rc1 Bf8 30. Rc2 Ra3 31. Nc5+ Bxc5 32. Rxc5 Rxb3 33. Rxd5+ Ke6 34. Rc5 Ne7 35. Nxe7 Kxe7 36. Kc2 1/2-1/2

[Event "Francophonie-ch 7th"]
[Site "Paris"]
[Date "2019.08.08"]
[Round "5"]
[White "Berend, Elvira S"]
[Black "Dudognon, Thibault"]
[Result "1-0"]
[WhiteElo "2344"]
[BlackElo "2272"]
[PlyCount "91"]
[EventDate "2019.08.04"]
[EventType "swiss"]
[EventRounds "9"]
[EventCountry "FRA"]
[SourceTitle "CBM 191 Extra"]
[Source "ChessBase"]
[SourceDate "2019.09.30"]
[SourceVersion "1"]
[SourceVersionDate "2019.09.30"]
[SourceQuality "1"]

1. e4 e5 2. Bc4 Nf6 3. d3 Be7 4. Nf3 Nc6 5. 0-0 0-0 6. a3 d6 7. h3 h6 8. Nc3 Be6 9. Bxe6 fxe6 10. d4 exd4 11. Nxd4 Nxd4 12. Qxd4 e5 13. Qc4+ Kh8 14. Nd5 Nxd5 15. exd5 Qd7 16. Be3 c5 17. Qe4 Qf5 18. Qxf5 Rxf5 19. c4 Bg5 20. b4 b6 21. bxc5 bxc5 22. Rab1 Rf7 23. Rb3 Kg8 24. Rfb1 Bxe3 25. fxe3 Raf8 26. Rb7 Rxb7 27. Rxb7 Rf7 28. Rb8+ Rf8 29. Rb5 Rf7 30. a4 g6 31. a5 Kg7 32. a6 Kg8 33. Rb8+ Rf8 34. Rb7 Rf7 35. Kh2 g5 36. h4 g4 37. h5 Rf2 38. Rxa7 Ra2 39. Kg3 Ra4 40. e4 Rxc4 41. Rb7 Rxe4 42. a7 Ra4 43. Rb8+ Kf7 44. a8Q Rxa8 45. Rxa8 Kf6 46. Kxg4 1-0

[Event "FRA-ch Accession"]
[Site "Agen"]
[Date "2017.08.25"]
[Round "7"]
[White "Pigeat, Alexandre"]
[Black "Dudognon, Thibault"]
[Result "0-1"]
[WhiteElo "2286"]
[BlackElo "2230"]
[PlyCount "84"]
[EventDate "2017.08.19"]
[EventType "swiss"]
[EventRounds "9"]
[EventCountry "FRA"]
[SourceTitle "EXT 2019"]
[Source "ChessBase"]
[SourceDate "2018.10.10"]
[SourceVersion "1"]
[SourceVersionDate "2018.10.10"]
[SourceQuality "1"]

1. d4 d5 2. c4 c6 3. Nf3 Nf6 4. Qc2 dxc4 5. Qxc4 Bg4 6. Nbd2 Nbd7 7. e3 e6 8. Bd3 Be7 9. 0-0 0-0 10. Ne5 Bh5 11. f4 Rc8 12. Be2 Bxe2 13. Qxe2 c5 14. Ndf3 Qc7 15. Bd2 Nxe5 16. fxe5 Ne4 17. Rac1 Qb6 18. Bc3 Rfd8 19. Kh1 h6 20. Qc2 cxd4 21. exd4 Nxc3 22. bxc3 Rd7 23. c4 Qa6 24. d5 Rxd5 25. Qf2 Rd7 26. c5 Bxc5 27. Qh4 Rcd8 28. g4 Ba3 29. Rce1 Qc6 30. g5 hxg5 31. Qxg5 Rd1 32. Kg2 R8d2+ 33. Kg3 Rxe1 34. Rxe1 Rd3 35. Rf1 Qd5 36. h4 Bb2 37. Kg2 Bd4 38. h5 Qxa2+ 39. Kg3 Qd5 40. Kg2 Qe4 41. Kh2 Qe2+ 42. Qg2 Bxe5+ 0-1

[Event "FRA-ch Accession"]
[Site "Agen"]
[Date "2017.08.24"]
[Round "6"]
[White "Dudognon, Thibault"]
[Black "Philippe, Guillaume"]
[Result "0-1"]
[WhiteElo "2230"]
[BlackElo "2364"]
[PlyCount "48"]
[EventDate "2017.08.19"]
[EventType "swiss"]
[EventRounds "9"]
[EventCountry "FRA"]
[SourceTitle "EXT 2019"]
[Source "ChessBase"]
[SourceDate "2018.10.10"]
[SourceVersion "1"]
[SourceVersionDate "2018.10.10"]
[SourceQuality "1"]

1. c4 Nf6 2. g3 e5 3. Bg2 c6 4. d4 e4 5. Nc3 d5 6. cxd5 cxd5 7. Bg5 Bb4 8. f3 Nbd7 9. Bxf6 Bxc3+ 10. bxc3 Nxf6 11. Qa4+ Bd7 12. Qb4 a5 13. Qxb7 Rb8 14. Qa7 0-0 15. Qc5 Re8 16. fxe4 Nxe4 17. Bxe4 dxe4 18. e3 Rb2 19. Ne2 Bg4 20. Nc1 Qb8 21. Qxa5 Rxh2 22. Rxh2 Qxg3+ 23. Kf1 Qxh2 24. Qc5 Bf3 0-1